000 01426nam a2200445 i 4500
001 1718
003 KOSZ 005
005 20240405062947.0
008 991116s1981 pl a f f |000 0 pol
015 _aPB 1982/2820
020 _a8301009535
040 _aWA N
_cWA N
_dKOSZ 005/HR
041 0 _apol
046 _k1981
080 _a502/504
080 _a338.2(100)"19"
080 _a339.9(100)"19"
080 _a(075.8)
100 1 _aBartkowski, Tadeusz
_d(1920-1992)
_eAutor
245 1 0 _aKształtowanie i ochrona środowiska /
_cTadeusz Bartkowski.
250 _a[Wyd. 4 zm., dodr.].
260 _aWarszawa :
_bPaństwowe Wydawnictwo Naukowe,
_c1981.
300 _a453, [3] s., [1] k. tabl. :
_bil. pl. tab. ;
_c24 cm.
336 _2rdacontent
_aTekst
_btxt
337 _2rdamedia
_aBez urządzenia pośredniczącego
_bn
338 _2rdacarrier
_aWolumin
_bnc
380 _aKsiążki
388 _a1901-2000
388 _a1945-1989
504 _aBibliogr. s. 450-[454].
648 4 _a1901-2000
650 4 _aGospodarka
650 4 _aOchrona środowiska
655 4 _aPodręczniki akademickie
658 _aGospodarka, ekonomia, finanse
658 _aOchrona środowiska
710 _aPaństwowe Wydawnictwo Naukowe
_4pbl
856 _uhttp://koha.tu.koszalin.pl/cgi-bin/koha/opac-detail.pl?biblionumber=1718
_yKatalog online BPK
942 _2UKD
_cKS
999 _c1718
_d1718